000 00452nmm a2200169Ia 4500
008 251105s9999||||xx |||||||||||||||||und||
020 _a9788492509294
041 _aspa
100 _aRuiz Morales, Jorge
245 0 _a¿Hay vida ahí fuera?
264 _a[Madrid, España] :
_bEquipo Sirius,
_c2009
300 _a58 páginas
490 _aCienTemas
650 _aSciences
856 _uhttps://public.digitaliapublishing.com/a/1213
942 _cCF
999 _c88838
_d88838